• 首页
  • 本馆介绍
  • 公告通知
  • 最新文献
  • 馆藏检索
  • 电子资源
  • 读者导购
  • 参考咨询
  • 我的图书馆
  • 登录
  • 详细信息显示
  • 放入我的书架
  • 预约/预借图书
  • 作者相关作品
  • 分类相关作品
  • 丛书相关作品
  • 出版社相关作品

书目信息

  • 表格格式
  • 工作单格式
  • 卡片格式
题名:
古书版本学概论
    
 
作者: 李致忠 著
分册:  
出版信息: 北京   书目文献出版社  1990.08
页数: 272页
开本: 20cm
丛书名:
单 册:
中图分类: G256.22
科图分类:
主题词: 版本学--古籍
电子资源:
ISBN: 7-5013-0810-1
000 00503nam0 2200193 45
001 0005111114
005 20031219104045.1
010    @a7-5013-0810-1@dCNY13.00
100    @a20000511d1990 km y0chiy0120 ea
101    @achi
105    @a z 000yy
200 1  @a古书版本学概论@f李致忠著
210    @a北京@c书目文献出版社@d1990.08
215    @a272页@c插图@d20cm
606 0  @a版本学@x古籍
690    @aG256.22@v1
701    @a李致忠@4著
801    @aCN@bTSTC@c20000511
905    @f2@b288355-356@dG256.22@e45
    
    古书版本学概论/李致忠著.-北京:书目文献出版社,1990.08
    272页:插图;20cm
    
    
    ISBN 7-5013-0810-1:CNY13.00
    
●
相关链接 在E读中查询图书 在五车中查询图书 在当当中查询图书 在豆瓣中查询图书


正题名:古书版本学概论     索取号:G256.22/45         预约/预借

序号 登录号 条形码 馆藏地/架位号 状态 备注
1 0288355   002883552   密集书库/ [索取号:G256.22/45] 在馆    
2 0288356   002883561   第一样本阅览室/ [索取号:G256.22/45] 在馆    
唐山师范学院图书馆 欢迎您!
大连网信软件有限公司© 版权所有